[Event "Maastricht Limburg op-B 9th"]
[Site "Maastricht"]
[Date "2015.05.22"]
[Round "1"]
[White "Behr, Rene"]
[Black "Veldhuysen, Klaas"]
[Result "0-1"]
[WhiteElo "1881"]
[BlackElo "1959"]
[PlyCount "90"]
[EventDate "2015.05.22"]
[EventType "swiss"]
[EventRounds "7"]
[EventCountry "NED"]
[SourceTitle "EXT 2016"]
[Source "ChessBase"]
[SourceDate "2015.10.08"]
[SourceVersion "1"]
[SourceVersionDate "2015.10.08"]
[SourceQuality "1"]

1. c4 Nf6 2. g3 e5 3. Bg2 Nc6 4. Nc3 Bb4 5. e3 0-0 6. Nge2 Re8 7. 0-0 a5 8. d4 d6 9. Nd5 a4 10. a3 Ba5 11. Qxa4 Bg4 12. f3 Bh5 13. Qd1 Nxd5 14. cxd5 Ne7 15. g4 Bg6 16. e4 exd4 17. Nxd4 Bb6 18. Kh1 Qd7 19. Re1 f6 20. Be3 Bf7 21. Bf1 Bxd4 22. Qxd4 Ra4 23. Qd2 c6 24. b3 Raa8 25. dxc6 bxc6 26. b4 d5 27. Red1 Qb7 28. Bc5 Ng6 29. Qc2 Ne5 30. Bd3 Nxf3 31. exd5 Bxd5 32. Bc4 Ne5+ 33. Bxd5+ cxd5 34. Qb3 Rad8 35. h3 Nf7 36. Bd4 Re2 37. Ra2 Rde8 38. Rxe2 Rxe2 39. Qd3 Qe7 40. Bc3 Qe4+ 41. Qxe4 dxe4 42. Re1 Rf2 43. Rxe4 Ng5 44. Re3 Nf3 45. Rxf3 Rxf3 0-1

[Event "Maastricht Limburg op-B 8th"]
[Site "Maastricht"]
[Date "2014.06.08"]
[Round "4"]
[White "Arns, Danny"]
[Black "Behr, Rene"]
[Result "1-0"]
[WhiteElo "1781"]
[BlackElo "1867"]
[PlyCount "76"]
[EventDate "2014.06.06"]
[EventType "swiss"]
[EventRounds "7"]
[EventCountry "NED"]
[SourceTitle "EXT 2015"]
[Source "ChessBase"]
[SourceDate "2014.11.20"]
[SourceVersion "1"]
[SourceVersionDate "2014.11.20"]
[SourceQuality "1"]

1. e4 c5 2. d4 cxd4 3. c3 d5 4. Qxd4 dxe4 5. Qxd8+ Kxd8 6. Bc4 Ke8 7. Nd2 Nf6 8. Ne2 Bd7 9. 0-0 e6 10. a4 Nc6 11. Nb3 Bd6 12. Rd1 Ke7 13. Be3 Ne5 14. Rxd6 Kxd6 15. Bf4 Nd5 16. Rd1 g5 17. Bxd5 exd5 18. c4 gxf4 19. Rxd5+ Ke6 20. Nc5+ Kf6 21. Nxf4 Rhe8 22. Nxd7+ Nxd7 23. Rxd7 b6 24. Nd5+ Kg7 25. Nc7 Rec8 26. Nxa8 Rxa8 27. Kf1 Kf6 28. Ke2 Ke6 29. Rd5 Rg8 30. g3 Rg4 31. h3 Rg7 32. Ke3 f5 33. Kf4 Rf7 34. Re5+ Kd6 35. Rxf5 Rxf5+ 36. Kxf5 Kc5 37. Kxe4 Kb4 38. Kd4 Kb3 1-0

[Event "Maastricht Limburg op-B 8th"]
[Site "Maastricht"]
[Date "2014.06.08"]
[Round "5"]
[White "Behr, Rene"]
[Black "Yildiz, Kemal"]
[Result "1-0"]
[WhiteElo "1867"]
[BlackElo "1938"]
[PlyCount "81"]
[EventDate "2014.06.06"]
[EventType "swiss"]
[EventRounds "7"]
[EventCountry "NED"]
[SourceTitle "EXT 2015"]
[Source "ChessBase"]
[SourceDate "2014.11.20"]
[SourceVersion "1"]
[SourceVersionDate "2014.11.20"]
[SourceQuality "1"]

1. c4 c5 2. g3 Nf6 3. Bg2 g6 4. Nc3 Bg7 5. d3 Nc6 6. e4 d6 7. Nge2 a6 8. 0-0 0-0 9. h3 Bd7 10. Be3 Rb8 11. Qd2 b5 12. Rab1 bxc4 13. dxc4 Qc8 14. Kh2 Ne5 15. b3 Bc6 16. f4 Ned7 17. Nd5 Bxd5 18. exd5 Rb4 19. Qd3 Qc7 20. Rfe1 Rfb8 21. Nc3 R4b7 22. Bd2 Nb6 23. Re3 Nc8 24. Rbe1 Nd7 25. Ne4 a5 26. Bc3 a4 27. Bxg7 Kxg7 28. Qc3+ Kg8 29. Ng5 Nf6 30. Rxe7 Nxe7 31. Qxf6 Nf5 32. g4 Ng7 33. Ne4 Ne8 34. Qh4 Qd8 35. g5 h5 36. f5 axb3 37. axb3 Rxb3 38. Nf6+ Nxf6 39. gxf6 R8b7 40. fxg6 fxg6 41. f7+ 1-0

[Event "SVR-op"]
[Site "Heimbach Weis"]
[Date "2014.04.19"]
[Round "7"]
[White "Behr, Rene"]
[Black "Teichgraeber, Ralf"]
[Result "0-1"]
[WhiteElo "1857"]
[BlackElo "1907"]
[PlyCount "58"]
[EventDate "2014.04.11"]
[EventType "swiss"]
[EventRounds "7"]
[EventCountry "GER"]
[SourceTitle "CBM 160 Extra"]
[Source "ChessBase"]
[SourceDate "2014.07.01"]
[SourceVersion "1"]
[SourceVersionDate "2014.07.01"]
[SourceQuality "1"]

1. c4 e5 2. g3 Nc6 3. Bg2 g6 4. Nc3 Bg7 5. d3 f5 6. e4 d6 7. Nge2 Nf6 8. 0-0 0-0 9. f4 fxe4 10. Nxe4 Kh8 11. Rb1 Bf5 12. N2c3 Qc8 13. Nxf6 Rxf6 14. Nd5 Rf7 15. b4 Bh3 16. Be3 Bxg2 17. Kxg2 Qd7 18. b5 Nd8 19. d4 Ne6 20. dxe5 dxe5 21. Qd2 c6 22. bxc6 Qxc6 23. fxe5 Rd7 24. Qb4 Rc8 25. Kg1 Bxe5 26. Ne7 Qe4 27. Nxc8 Qxe3+ 28. Kg2 Rd2+ 29. Qxd2 Qxd2+ 0-1

[Event "SVR-op"]
[Site "Heimbach Weis"]
[Date "2014.04.12"]
[Round "2"]
[White "Behr, Rene"]
[Black "Weissgerber, Peter"]
[Result "1-0"]
[WhiteElo "1857"]
[BlackElo "1561"]
[PlyCount "69"]
[EventDate "2014.04.11"]
[EventType "swiss"]
[EventRounds "7"]
[EventCountry "GER"]
[SourceTitle "CBM 160 Extra"]
[Source "ChessBase"]
[SourceDate "2014.07.01"]
[SourceVersion "1"]
[SourceVersionDate "2014.07.01"]
[SourceQuality "1"]

1. c4 g6 2. g3 Bg7 3. Bg2 e6 4. Nc3 Ne7 5. d3 0-0 6. e4 c6 7. Qb3 Na6 8. Be3 Nc7 9. Bg5 h6 10. Bf4 g5 11. Bd6 f5 12. exf5 Rxf5 13. Nge2 Ne8 14. Ne4 b6 15. g4 Rf7 16. Bg3 Ng6 17. N4c3 Be5 18. d4 Bc7 19. d5 Nf4 20. Bxf4 gxf4 21. dxe6 Rf8 22. Be4 Qf6 23. 0-0-0 f3 24. Nd4 Qf4+ 25. Kb1 Nd6 26. Bxf3 dxe6 27. Bxc6 Rb8 28. Rhe1 Rf6 29. h4 Kg7 30. g5 hxg5 31. hxg5 Rg6 32. Ka1 e5 33. Nd5 Qf7 34. Rxe5 Nf5 35. Nxf5+ 1-0

[Event "Maastricht Limburg op-B 6th"]
[Site "Maastricht"]
[Date "2012.05.28"]
[Round "6"]
[White "Behr, Rene"]
[Black "Ringeltaube, Denny"]
[Result "1-0"]
[WhiteElo "1820"]
[BlackElo "1749"]
[PlyCount "55"]
[EventDate "2012.05.25"]
[EventType "swiss"]
[EventRounds "7"]
[EventCountry "NED"]
[SourceTitle "EXT 2013"]
[Source "ChessBase"]
[SourceDate "2012.11.22"]
[SourceVersion "1"]
[SourceVersionDate "2012.11.22"]
[SourceQuality "1"]

1. c4 e5 2. g3 Nc6 3. Bg2 f5 4. e4 Nf6 5. Nc3 Bb4 6. Nge2 0-0 7. exf5 Bxc3 8. dxc3 d6 9. Qb3 Kh8 10. Bg5 Qe8 11. h3 Nd7 12. g4 e4 13. Qc2 Nc5 14. 0-0 h6 15. Be3 Nd3 16. Ng3 Nde5 17. Qxe4 Qd8 18. Rad1 Re8 19. Qf4 Rf8 20. c5 Ng6 21. Qe4 Re8 22. Qc2 Nh4 23. Nh5 Ne5 24. cxd6 cxd6 25. Rd5 Qe7 26. f6 Qf7 27. Rxd6 Nxg2 28. fxg7+ 1-0

[Event "Maastricht Limburg op-B 6th"]
[Site "Maastricht"]
[Date "2012.05.26"]
[Round "2"]
[White "Behr, Rene"]
[Black "Weber, Bernhard1111"]
[Result "0-1"]
[WhiteElo "1820"]
[BlackElo "1765"]
[PlyCount "84"]
[EventDate "2012.05.25"]
[EventType "swiss"]
[EventRounds "7"]
[EventCountry "NED"]
[SourceTitle "EXT 2013"]
[Source "ChessBase"]
[SourceDate "2012.11.22"]
[SourceVersion "1"]
[SourceVersionDate "2012.11.22"]
[SourceQuality "1"]

1. c4 e6 2. g3 d5 3. Bg2 Nf6 4. Nf3 c6 5. Nc3 b6 6. d4 Be7 7. 0-0 0-0 8. Qa4 Bb7 9. Bf4 dxc4 10. Qxc4 Nd5 11. Nxd5 cxd5 12. Qd3 Ba6 13. Qc2 Qd7 14. Rfe1 Rc8 15. Qd2 Nc6 16. a3 Na5 17. Qd1 Qb5 18. b4 Nc4 19. Bf1 Qd7 20. Qb3 b5 21. e3 Bb7 22. Bd3 h6 23. g4 a5 24. bxa5 Rxa5 25. Reb1 Bc6 26. Qc3 Rca8 27. Bxc4 dxc4 28. Ne5 Qd5 29. f3 Rxa3 30. Rxa3 Rxa3 31. Qb2 c3 32. Nxc6 Qxc6 33. Qxb5 c2 34. Qb8+ Kh7 35. Rc1 Qxf3 36. Qb2 Qd1+ 37. Kf2 Qd2+ 38. Kg1 Qd1+ 39. Kf2 Bh4+ 40. Bg3 Bxg3+ 41. hxg3 Qd2+ 42. Kf1 Rxe3 0-1

[Event "SVR-op 35th"]
[Site "Nickenich"]
[Date "2012.04.05"]
[Round "4"]
[White "Glienke, Norbert"]
[Black "Behr, Rene"]
[Result "1-0"]
[WhiteElo "1852"]
[BlackElo "1834"]
[PlyCount "61"]
[EventDate "2012.03.30"]
[EventType "swiss"]
[EventRounds "7"]
[EventCountry "GER"]
[SourceTitle "EXT 2013"]
[Source "ChessBase"]
[SourceDate "2012.11.22"]
[SourceVersion "1"]
[SourceVersionDate "2012.11.22"]
[SourceQuality "1"]

1. e4 c5 2. d4 cxd4 3. c3 d5 4. exd5 Qxd5 5. Nf3 Nc6 6. cxd4 Bf5 7. Nc3 Qd7 8. Bc4 e6 9. 0-0 Nf6 10. Re1 Be7 11. Bg5 0-0 12. d5 Nxd5 13. Bxe7 Ncxe7 14. Nxd5 Nxd5 15. Bxd5 exd5 16. Re5 Be4 17. Rxe4 Qb5 18. Re2 Rac8 19. Nd4 Qa6 20. Re7 Rc4 21. b3 Rc5 22. Qe2 Qb6 23. Re1 Rcc8 24. Qg4 Qf6 25. h3 h5 26. Qd1 Qg6 27. Qf3 Qb6 28. Nf5 Rc6 29. Re8 Qb5 30. Ne7+ Kh7 31. Nxc6 1-0

[Event "SVR-op 35th"]
[Site "Nickenich"]
[Date "2012.04.01"]
[Round "3"]
[White "Behr, Rene"]
[Black "Buzov, Boris"]
[Result "0-1"]
[WhiteElo "1834"]
[BlackElo "2148"]
[PlyCount "76"]
[EventDate "2012.03.30"]
[EventType "swiss"]
[EventRounds "7"]
[EventCountry "GER"]
[SourceTitle "EXT 2013"]
[Source "ChessBase"]
[SourceDate "2012.11.22"]
[SourceVersion "1"]
[SourceVersionDate "2012.11.22"]
[SourceQuality "1"]

1. c4 e5 2. Nc3 Nf6 3. g3 Bb4 4. d3 0-0 5. Bg2 Re8 6. Qb3 Nc6 7. e3 a5 8. Bd2 d6 9. a3 Bxc3 10. Qxc3 a4 11. Ne2 Na5 12. 0-0 Nb3 13. Rad1 Bg4 14. Rfe1 c6 15. Qb4 Nxd2 16. Rxd2 Bxe2 17. Rexe2 Qc7 18. f4 Re7 19. h3 c5 20. Qc3 exf4 21. exf4 Rae8 22. Qc2 h5 23. Bf3 h4 24. Rxe7 Rxe7 25. g4 d5 26. Re2 Rxe2 27. Qxe2 Qxf4 28. cxd5 g5 29. d6 b6 30. d7 Nxd7 31. Qe8+ Nf8 32. Kf2 Qd4+ 33. Kf1 Qxb2 34. Qxa4 Qb1+ 35. Ke2 Ne6 36. Qa8+ Kg7 37. Ke3 Nf4 38. Be2 Qc1+ 0-1

[Event "SVR-op 34th"]
[Site "Reil"]
[Date "2011.04.21"]
[Round "4"]
[White "Behr, Rene"]
[Black "Buzov, Boris"]
[Result "0-1"]
[WhiteElo "1806"]
[BlackElo "2015"]
[PlyCount "84"]
[EventDate "2011.04.16"]
[EventType "swiss"]
[EventRounds "7"]
[EventCountry "GER"]
[SourceTitle "EXT 2013"]
[Source "ChessBase"]
[SourceDate "2012.11.22"]
[SourceVersion "1"]
[SourceVersionDate "2012.11.22"]
[SourceQuality "1"]

1. c4 e5 2. Nc3 Bb4 3. d3 Nc6 4. Nf3 d6 5. g3 Nf6 6. Bd2 0-0 7. Bg2 Re8 8. Qc2 Bg4 9. e3 Bxc3 10. Bxc3 Bxf3 11. Bxf3 Nd4 12. exd4 exd4+ 13. Kd2 dxc3+ 14. bxc3 c6 15. Rhe1 Qb6 16. Re3 Rxe3 17. fxe3 Re8 18. d4 Qc7 19. Qf5 c5 20. Qd3 Rc8 21. Rb1 b6 22. Bd5 Qd7 23. Rf1 cxd4 24. exd4 Nxd5 25. cxd5 Qa4 26. Qc2 Qc4 27. Rf2 Qxd5 28. Qb3 Qg5+ 29. Kc2 Qe7 30. Qd5 h6 31. Kd2 Re8 32. Qf3 f6 33. Kd3 Qe6 34. c4 Kf8 35. Kc3 b5 36. cxb5 Qe1+ 37. Kc4 d5+ 38. Kc5 Qe7+ 39. Kxd5 Qd7+ 40. Kc4 Rc8+ 41. Kd3 Qxb5+ 42. Ke3 Rc3+ 0-1

[Event "SVR-ch HT 29th"]
[Site "Koblenz"]
[Date "2006.04.13"]
[Round "5"]
[White "Bilitza, Alwin"]
[Black "Behr, Rene"]
[Result "0-1"]
[WhiteElo "1943"]
[BlackElo "1726"]
[PlyCount "98"]
[EventDate "2006.04.08"]
[EventType "swiss"]
[EventRounds "7"]
[EventCountry "GER"]
[SourceTitle "EXT 2009"]
[Source "ChessBase"]
[SourceDate "2008.11.26"]
[SourceVersion "1"]
[SourceVersionDate "2008.11.26"]
[SourceQuality "1"]

1. e4 e5 2. Nc3 Nf6 3. Nf3 d6 4. d4 exd4 5. Nxd4 Bd7 6. Be2 Be7 7. Be3 Nc6 8. Nf5 Bxf5 9. exf5 Qd7 10. g4 h6 11. Rg1 0-0-0 12. Qd2 d5 13. Bd4 Nxd4 14. Qxd4 c5 15. Qd3 Rhe8 16. 0-0-0 d4 17. Nb5 a6 18. Na3 Nd5 19. Bf3 Bh4 20. Nc4 Qc7 21. Qb3 Qf4+ 22. Kb1 Nc3+ 23. bxc3 Qxf3 24. cxd4 Qxb3+ 25. cxb3 Bxf2 26. Rg2 Bxd4 27. Kc2 b5 28. Nd2 Re3 29. Nb1 Be5 30. Rf1 Kc7 31. Rff2 Kc6 32. h4 Rh3 33. Nd2 Rdd3 34. Re2 Bf4 35. Ne4 Rde3 36. Rxe3 Rxe3 37. Nf2 Re2+ 38. Kd3 Rxa2 39. Ke4 Bb8 40. g5 Re2+ 41. Kf3 Rb2 42. gxh6 Rxb3+ 43. Kg4 gxh6 44. Kh5 Rg3 45. Rh2 Rf3 46. Rg2 Rxf5+ 47. Kxh6 c4 48. Nd1 b4 49. Ne3 Bf4+ 0-1

[Event "SVR-ch HT 29th"]
[Site "Koblenz"]
[Date "2006.04.08"]
[Round "1"]
[White "Behr, Rene"]
[Black "Dutschke, Klaus"]
[Result "1-0"]
[WhiteElo "1726"]
[BlackElo "1363"]
[PlyCount "67"]
[EventDate "2006.04.08"]
[EventType "swiss"]
[EventRounds "7"]
[EventCountry "GER"]
[SourceTitle "EXT 2009"]
[Source "ChessBase"]
[SourceDate "2008.11.26"]
[SourceVersion "1"]
[SourceVersionDate "2008.11.26"]
[SourceQuality "1"]

1. c4 c5 2. Nc3 Nc6 3. g3 Nf6 4. Bg2 g6 5. e3 Bg7 6. Nge2 e6 7. 0-0 Qc7 8. Nb5 Qb8 9. d4 b6 10. d5 exd5 11. cxd5 a6 12. dxc6 axb5 13. c7 Qa7 14. Bxa8 Qxa8 15. Nc3 Qc6 16. f3 0-0 17. e4 Ba6 18. Re1 Qxc7 19. Bf4 Qa7 20. Qd2 b4 21. Ne2 Rd8 22. Bg5 Qc7 23. Rad1 Bc8 24. Qd6 Qxd6 25. Rxd6 Ne8 26. Rxb6 f6 27. Be3 d6 28. Rd1 Bf8 29. Bxc5 d5 30. Bxb4 Bxb4 31. Rxb4 Nc7 32. exd5 Rxd5 33. Rc1 Na6 34. Rxc8+ 1-0